00663nam a22001817b 450000500170000000800410001702000230005804000140008104100080009508200160010310000480011924500380016725000180020526000730022330000420029650001090033865000340044720241218110148.0241218b sa ||||| |||| 00| 1 ZUL d a9780639809533qpbk aRDAc3228 2ZUL aZUL JF MAPH aMaphumulo, E.B. qMaphumulo, Euclene Busie  aIndoda EmadodenicE.B. Maphumulo. aFirst edition aJohannesburg, South Africa : bBhiyoza Publishers (Pty) Ltd, c2019. a46 pages :b illustrations ; c21 cm. a"Inovelana yesiZulu Ihlelelwe abafundi beganga lesi-7 (Ibanga 7)." "A man among men"--Title page verso. aZulu fiction; Zulu literature